| 000 | 01414nam a22002057a 4500 | ||
|---|---|---|---|
| 999 |
_c58999 _d58999 |
||
| 003 | Ge_BSU | ||
| 005 | 20221028115610.0 | ||
| 008 | 221028s1997 ge ||||| |||| 00| 0 geo d | ||
| 041 | _ageo | ||
| 080 | _a336.01(075.8) კ-17 | ||
| 100 |
_aკაკულია, რევაზ _9751 |
||
| 245 |
_aფინანსების ზოგადი თეორია : _bსახელმძღვ. საფ.-ეკონ. უმაღლ. სასწ. და უნ-ტების სტუდ. "ფინანსებისა და კრედიტის" სპეც. / _cრევაზ კაკულია; რედ.: ვალერიან ზურაბიშვილი. საქ. ეკონ. და სოც. პრობლემების ს.-კ. ინ-ტი, ქუთაისის სახ. უნ-ტი. |
||
| 264 |
_aთბილისი : _bქუთაისის სახ. უნ-ტი, _c1997. |
||
| 300 |
_a325 გვ. ; _b20 სმ. |
||
| 504 | _aბიბლიოგრ.: გვ. 321. | ||
| 653 | _aფინანსების თეორია | ||
| 700 |
_aზურაბიშვილი, ვალერიან _eრედაქტორი _915622 |
||
| 710 |
_aსაქ. ეკონ. და სოც. პრობლემების ს.-კ. ინ-ტი _bქუთაისის სახ. უნ-ტი _915623 |
||
| 942 |
_2udc _cBK |
||